| 000 | 00458nam a2200157 i 4500 | ||
|---|---|---|---|
| 001 | 82556 | ||
| 003 | ES-MaACL | ||
| 005 | 20230906174708.0 | ||
| 007 | t| | ||
| 008 | 041111s1907 it ||||1| ita d | ||
| 100 | 1 |
_aImbriani, Vittorio. _965216 |
|
| 245 | 1 | 0 |
_aStudi letterai e bizzarri satiriche en cura / _cVittorio Imbriani. |
| 260 |
_aBari : _b[s.n., _c1907] ( _eGnis : _fLaterza e Figli) |
||
| 300 |
_aXIV, 484 p. ; _c21 cm. |
||
| 852 |
_aES-MaACL _jF-4990 |
||
| 999 |
_c82556 _d82556 |
||